LEADER 01416nam a2200277 a 4500 001 000000141256 003 CaOOAMICUS 005 20150119150100.0 008 150119s2014 it f frm z000 u ita r 040 $aPUL$bita 100 1 $aVersaci, Cirino.$0(OLS)http://pul/name/90943 245 13$aIl delirio dell'onnipotenza : la critica al potere e alla sua storia in Is 14,4b-20 : esegesi e intertestualitą della pericope / $cCirino Versaci. 260 $aRoma :$bPontificia Universitą Gregoriana,$c2014. 300 $a215 p.$c24 cm 490 1 $aSupplementi alla Rivista biblica ;$v57 502 $aTesi -- Pontificia Universitas Gregoriana. Facultas theologiae. 2014. 504 $aBibliografia: p. [183]-197. 710 2 $aPontificia Universitą Gregoriana.$bFacoltą di teologia.$kTesi.$0(OLS)http://pul/name/81592 830 0$aSupplementi alla Rivista biblica ;$v57.$0(OLS)http://pul/title/18638 850 $aPUL 852 $aPUL$W1$xDP1 Tesi Pon. Ist. Biblico$y33$m2014 B 3$j159574$qTesi$B162921$CPULBib$Z2$F162921 $82 941 1 $a16 983 0$aSupplementi alla rivista biblica (Associazione biblica italiana) 996 $6245$aIl delirio dell'onnipotenza : la critica al potere e alla sua storia in Is 14,4b-20 : esegesi e intertestualitą della pericope / $9(OLS)http://pul/title/178756 996 $6260$aRoma :$bPontificia Universitą Gregoriana$9(OLS)http://pul/publisher/47853 LEADER 01316nam a2200325 a 4500 001 000000157209 003 CaOOAMICUS 005 20161206163850.0 008 161206s2010 nju u000 u eng r 020 $a978-0-691-115639-2* 032 $aLibriCat 040 $aPUL$bita 082 14$a121 100 1 $aSoames, Scott.$0(OLS)http://pul/name/71913 245 10$aWhat is meaning? / $cScott Soames . 260 $aPrinceton :$bPrinceton University Press,$c©2010. 300 $aX, 132 p. ; $c22 cm. 490 1 $aSoochow University lectures in philosophy 504 $aBibliografia in nota a pič pagina. 650 4$aGnoseologia.$0(OLS)http://pul/subject/1860 650 4$aFilosofia della conoscenza.$0(OLS)http://pul/subject/33173 830 0$aSoochow University lectures in philosophy.$0(OLS)http://pul/title/174367 850 $aPUL 852 $aPUL$W1$xSL Filosofia 3$y81$m121 SOASC 1$j180500$qDDC 21$B183620$CPULBib$Z2$F183620 $H128550 $81 941 1 $a9 996 $6020$a978-0-691-115639-2*$9(OLS)http://pul/number/161654 996 $6082$a121$9(OLS)http://pul/classification/133 996 $6245$aWhat is meaning? / $9(OLS)http://pul/title/196814 996 $6260$aPrinceton :$bPrinceton University Press$9(OLS)http://pul/publisher/55740